000 01620nam0a22002891 4500
001 v19\rc\1531225
005 20250618174807.0
035 _a(NLR Aleph) 004651302
090 _a3425830
_c3425830
100 _a20060620d1910 |||y0rusy50 ca
101 0 _arus
102 _aRU
105 _ay z |||||
200 1 _aНовый полный оракул и чародей предсказывающий будущее по предложенным вопросам с присовокуплением легчайшего способа гадать и отгадывать на картах, бобах и кофе
_iТолкователь снов египетских и индийских мудрецов и астрономов
_iВорожея, отгадывающая имена, кто кого любит, или о ком задумает
_iПредсказания Брюса и Мартына Задеки
_iФокусы и волшебные игры славного Пинетти
210 _aМосква
_cИ.Д. Сытин и К°
_d1910
215 _a226, II с.
300 _aЗагл. обл.: Новый полный оракул и чародей
316 _aЭкземпляр РНБ (38.76.4.35): утрачен
_5NLR: 38.76.4.35
512 0 _aНовый полный оракул и чародей
702 1 _aЗадека
_bМ.
_gМартын
_4570
702 1 _aБрюс
_bР.В.
_f1668-1720
_gРоман Вилимович
_4570
702 1 _aПинетти
_4570
801 0 _aRU
_bNLR
_gpsbo
801 1 _aRU
_bProSoft-M
_2rusmarc
852 _aNLR
_j38.76.4.35
942 _cBOOK
980 _aNB